[Event "Rated Blitz tournament RsWImxWL"]
[Site "?"]
[Date "2021.07.29"]
[Round "?"]
[White "SeymourScagneti"]
[Black "dr_xStranger"]
[Result "0-1"]
[WhiteElo "2288"]
[BlackElo "2501"]
[PlyCount "102"]
[EventDate "2021.??.??"]
[EventType "blitz"]

1. e4 e5 2. Nf3 d5 3. exd5 e4 4. Qe2 Nf6 5. Nc3 Be7 6. Nxe4 O-O 7. d3 Re8 8.
Be3 Nxd5 9. O-O-O f5 10. Nc3 Nxc3 11. bxc3 f4 12. d4 fxe3 13. Qc4+ Kh8 14. Ne5
Be6 15. Qxe6 Ba3+ 16. Kb1 Rxe6 17. Nf7+ Kg8 18. Nxd8 Rb6+ 19. Ka1 Bb2+ 20. Kb1
Bxc3+ 21. Kc1 Bb2+ 22. Kb1 Bxd4+ 23. Kc1 Bb2+ 24. Kb1 Bc3+ 25. Kc1 Bd2+ 26.
Rxd2 exd2+ 27. Kd1 Kf8 28. Bc4 Rb1+ 29. Kxd2 Rxh1 30. Ne6+ Ke7 31. Nxc7 Kd8 32.
Nxa8 Rxh2 33. Bd5 Nc6 34. Be6 Rxg2 35. Ke3 Rg6 36. Bf5 Rf6 37. Ke4 Rxf5 38.
Kxf5 Kc8 39. Ke6 Kb8 40. Kf7 h5 41. f4 Kxa8 42. f5 h4 43. Kxg7 h3 44. f6 Ne5
45. f7 Nxf7 46. Kxf7 h2 47. c4 h1=Q 48. c5 Qc6 49. a4 Qxc5 50. a5 Qxa5 51. Ke7
Qh5 {Normal} 0-1

[Event "Rated Blitz game"]
[Site "?"]
[Date "2021.07.29"]
[Round "?"]
[White "RoadTooStrong"]
[Black "ahoramahora"]
[Result "1-0"]
[WhiteElo "2511"]
[BlackElo "2426"]
[PlyCount "29"]
[EventDate "2021.??.??"]
[EventType "blitz"]

1. e4 e5 2. Nf3 d5 3. Nxe5 Bd6 4. d4 dxe4 5. Nc4 Nf6 6. Nc3 h6 7. Ne3 O-O 8.
Be2 Nc6 9. O-O Nxd4 10. Bc4 Be6 11. Bxe6 Nxe6 12. Nf5 Bb4 13. Qe2 Bxc3 14. bxc3
Qd5 15. Ne7+ {Normal} 1-0

[Event "Rated Blitz game"]
[Site "?"]
[Date "2021.07.29"]
[Round "?"]
[White "aibar18"]
[Black "annaly1979"]
[Result "1-0"]
[WhiteElo "2491"]
[BlackElo "2437"]
[PlyCount "29"]
[EventDate "2021.??.??"]
[EventType "blitz"]

1. e4 e5 2. Nf3 d5 3. exd5 e4 4. Qe2 f5 5. Nc3 Nf6 6. d3 Bb4 7. Bg5 Bxc3+ 8.
bxc3 O-O 9. Nd4 c5 10. dxc6 Nxc6 11. Nxc6 bxc6 12. d4 Qa5 13. Qc4+ Kh8 14. Qb4
Qc7 15. Qxf8+ {Normal} 1-0

[Event "Rated Blitz game"]
[Site "?"]
[Date "2021.07.29"]
[Round "?"]
[White "RobertT74"]
[Black "ahoramahora"]
[Result "0-1"]
[WhiteElo "2444"]
[BlackElo "2368"]
[PlyCount "134"]
[EventDate "2021.??.??"]
[EventType "blitz"]

1. e4 e5 2. Nf3 d5 3. Nxe5 Bd6 4. d4 dxe4 5. Nc4 Nf6 6. Nxd6+ Qxd6 7. Be2 O-O
8. c4 a6 9. Nc3 Nc6 10. Be3 Rd8 11. d5 Ne5 12. O-O Bf5 13. Rc1 h6 14. h3 Bg6
15. Bd4 Rd7 16. f4 exf3 17. Bxf3 Nxc4 18. Bxf6 gxf6 19. Bg4 Re7 20. Qf3 Ne3 21.
Rf2 f5 22. Bh5 Rae8 23. Bxg6 fxg6 24. Qf4 Qxf4 25. Rxf4 g5 26. Rb4 b6 27. Rd4
Kf7 28. a4 Kf6 29. b4 Re5 30. b5 a5 31. Nd1 Nxd1 32. Rcxd1 Rd8 33. Rc1 Rdxd5
34. Rc6+ Rd6 35. Rdxd6+ cxd6 36. Rxd6+ Re6 37. Rd8 Ke5 38. Kf2 Rd6 39. Rc8 Kd5
40. Ke3 f4+ 41. Kd3 Ke5+ 42. Kc3 Ke4 43. Rc6 Kd5 44. Rc8 Rf6 45. Rd8+ Ke5 46.
Re8+ Kf5 47. Kd4 f3 48. gxf3 Kf4 49. Kd5 Kxf3 50. Re6 Rxe6 51. Kxe6 h5 52. Kd6
g4 53. hxg4 hxg4 54. Kc6 g3 55. Kxb6 g2 56. Kxa5 g1=Q 57. Ka6 Qc5 58. a5 Qc8+
59. Ka7 Qc7+ 60. Ka6 Ke4 61. b6 Qb8 62. Kb5 Kd5 63. a6 Kd6 64. Ka5 Kc6 65. b7
Qa7 66. b8=Q Qxb8 67. a7 Qb5# {Normal} 0-1

[Event "Rated Blitz game"]
[Site "?"]
[Date "2021.07.29"]
[Round "?"]
[White "kivanchaznedaroglu"]
[Black "ahoramahora"]
[Result "1-0"]
[WhiteElo "2633"]
[BlackElo "2426"]
[PlyCount "95"]
[EventDate "2021.??.??"]
[EventType "blitz"]

1. e4 e5 2. Nf3 d5 3. Nxe5 Bd6 4. d4 dxe4 5. Nc4 Nf6 6. Be2 h6 7. O-O Nc6 8.
Ne3 Nxd4 9. Nc3 O-O 10. b3 Be6 11. Bb2 c5 12. Bc4 Qe7 13. Ncd5 Bxd5 14. Nxd5
Nxd5 15. Bxd5 Rad8 16. Bc4 b5 17. Be2 Bxh2+ 18. Kxh2 Nf3+ 19. Bxf3 Rxd1 20.
Bxd1 f5 21. Be2 f4 22. Bxb5 f3 23. g3 Rf5 24. Rh1 Rh5+ 25. Kg1 Rxh1+ 26. Kxh1
e3 27. fxe3 Qxe3 28. Bc4+ Kh8 29. Rf1 f2 30. Kg2 Qe4+ 31. Kh2 Qf3 32. Bc1 h5
33. Bg5 Kh7 34. Bd3+ g6 35. a4 a5 36. Bd8 Kg7 37. Be7 Kf7 38. Bxc5 h4 39. Rxf2
hxg3+ 40. Kg1 gxf2+ 41. Bxf2 g5 42. Bc4+ Kf6 43. Bd4+ Kf5 44. Bd3+ Kf4 45. Bc3
g4 46. Bd2+ Kg3 47. Be1+ Kh3 48. Bf1+ {Normal} 1-0

[Event "Rated Blitz game"]
[Site "?"]
[Date "2021.07.29"]
[Round "?"]
[White "Muswell-Hill-Chess"]
[Black "annaly1979"]
[Result "1-0"]
[WhiteElo "2512"]
[BlackElo "2434"]
[PlyCount "45"]
[EventDate "2021.??.??"]
[EventType "blitz"]

1. e4 e5 2. Nf3 d5 3. exd5 e4 4. Nd4 c5 5. Nb3 f5 6. Nc3 Nf6 7. Bb5+ Nbd7 8. d3
a6 9. Bxd7+ Bxd7 10. dxe4 fxe4 11. Qe2 Bf5 12. f3 Qe7 13. O-O O-O-O 14. Be3
exf3 15. Qxf3 Bg4 16. Qf2 Ne4 17. Nxe4 Qxe4 18. Bxc5 Bxc5 19. Qxc5+ Kb8 20. c4
Bh5 21. Rae1 Qh4 22. Qb4 Rhe8 23. Nc5 {Normal} 1-0

[Event "Rated Rapid game"]
[Site "?"]
[Date "2021.07.29"]
[Round "?"]
[White "Ghost_Raptor"]
[Black "Pashkomarku"]
[Result "1-0"]
[WhiteElo "2405"]
[BlackElo "2387"]
[PlyCount "31"]
[EventDate "2021.??.??"]
[EventType "rapid"]

1. e4 e5 2. Nf3 d5 3. Nxe5 Qe7 4. d4 f6 5. Qh5+ g6 6. Nxg6 Qxe4+ 7. Be2 Qxg6 8.
Qxd5 c6 9. Qf3 Bf5 10. O-O Ne7 11. Re1 Nd7 12. Bf4 O-O-O 13. Bc4 Nb6 14. Ba6
Ned5 15. c4 Nxf4 16. Qxc6+ {Normal} 1-0

[Event "Rated Blitz game"]
[Site "?"]
[Date "2021.07.29"]
[Round "?"]
[White "master378"]
[Black "annaly1979"]
[Result "0-1"]
[WhiteElo "2433"]
[BlackElo "2428"]
[PlyCount "74"]
[EventDate "2021.??.??"]
[EventType "blitz"]

1. e4 e5 2. Nf3 d5 3. exd5 e4 4. Qe2 f5 5. c4 Nf6 6. d3 Bb4+ 7. Bd2 Bxd2+ 8.
Nbxd2 O-O 9. dxe4 fxe4 10. Nd4 c6 11. Ne6 Bxe6 12. dxe6 Re8 13. O-O-O Rxe6 14.
Nxe4 Qe7 15. Nxf6+ Qxf6 16. Qd2 Na6 17. f3 Rae8 18. Bd3 Nc5 19. Qc2 a5 20.
Bxh7+ Kh8 21. Bd3 a4 22. Kb1 a3 23. b3 Rd6 24. Be4 Red8 25. Rxd6 Rxd6 26. Rc1
Qd4 27. Qc3 Qf2 28. Rc2 Rd1+ 29. Rc1 Rd2 30. Rc2 Nxe4 31. fxe4 Qe1+ 32. Rc1
Qxe4+ 33. Ka1 Qe2 34. Qh3+ Kg8 35. Qc8+ Kf7 36. Qxb7+ Kg6 37. Qxc6+ Kh7 {Normal
} 0-1

[Event "Rated Blitz game"]
[Site "?"]
[Date "2021.07.29"]
[Round "?"]
[White "super_club_scacchi"]
[Black "ahoramahora"]
[Result "1-0"]
[WhiteElo "2435"]
[BlackElo "2388"]
[PlyCount "49"]
[EventDate "2021.??.??"]
[EventType "blitz"]

1. e4 e5 2. Nf3 d5 3. exd5 e4 4. Qe2 Nf6 5. Nc3 Be7 6. Nxe4 O-O 7. d3 Qxd5 8.
Nxf6+ Bxf6 9. Be3 Nc6 10. c3 Bg4 11. h3 Bh5 12. g4 Bg6 13. d4 Rfe8 14. Bg2 Be4
15. O-O Rad8 16. Ne1 Bxg2 17. Nxg2 Nxd4 18. cxd4 Bxd4 19. Rad1 c5 20. b4 f5 21.
bxc5 Qxc5 22. gxf5 Qxf5 23. Qc4+ Qf7 24. Qxf7+ Kxf7 25. Rxd4 {Normal} 1-0

[Event "Rated Blitz game"]
[Site "?"]
[Date "2021.07.29"]
[Round "?"]
[White "Antonny"]
[Black "Fantastic_power06"]
[Result "0-1"]
[WhiteElo "2424"]
[BlackElo "2745"]
[PlyCount "48"]
[EventDate "2021.??.??"]
[EventType "blitz"]

1. e4 e5 2. Nf3 d5 3. d3 Nc6 4. Nc3 Nf6 5. Bg5 Bb4 6. exd5 Qxd5 7. Bxf6 gxf6 8.
Be2 Bxc3+ 9. bxc3 Rg8 10. c4 Qa5+ 11. Nd2 Rxg2 12. Bf3 Rg8 13. Bxc6+ bxc6 14.
Qh5 Bg4 15. Qxh7 O-O-O 16. Qh4 e4 17. Rg1 Qc3 18. Rb1 Be6 19. Rg3 exd3 20. cxd3
Rxg3 21. hxg3 Qxd3 22. Qf4 Bf5 23. Rb3 Re8+ 24. Kd1 Qc2# {Normal} 0-1

[Event "Rated Blitz game"]
[Site "?"]
[Date "2021.07.29"]
[Round "?"]
[White "QuencH-XS"]
[Black "ahoramahora"]
[Result "1-0"]
[WhiteElo "2402"]
[BlackElo "2355"]
[PlyCount "63"]
[EventDate "2021.??.??"]
[EventType "blitz"]

1. e4 e5 2. Nf3 d5 3. exd5 e4 4. Nd4 Qxd5 5. Nb3 Qe5 6. Be2 Bd6 7. d4 exd3 8.
Qxd3 Bf5 9. Qb5+ Qxb5 10. Bxb5+ c6 11. Nd4 Bg6 12. Be2 Be5 13. Nf3 Bf6 14. Na3
Ne7 15. O-O O-O 16. c3 Nd7 17. Rd1 Ne5 18. Nxe5 Bxe5 19. Nc4 Bf6 20. Bf4 Rfd8
21. Nd6 b6 22. Bf3 Rd7 23. Ne4 Rad8 24. Nxf6+ gxf6 25. Re1 Kf8 26. a4 Nd5 27.
Bh6+ Kg8 28. a5 b5 29. a6 Bd3 30. Rad1 Bg6 31. Re2 Ne7 32. Rde1 {Normal} 1-0

[Event "Rated Blitz game"]
[Site "?"]
[Date "2021.07.29"]
[Round "?"]
[White "DayAtTheShrine"]
[Black "annaly1979"]
[Result "1-0"]
[WhiteElo "2420"]
[BlackElo "2447"]
[PlyCount "83"]
[EventDate "2021.??.??"]
[EventType "blitz"]

1. e4 e5 2. Nf3 d5 3. exd5 e4 4. Qe2 f5 5. d3 Nf6 6. Nc3 Bb4 7. dxe4 Bxc3+ 8.
bxc3 fxe4 9. c4 O-O 10. Nd4 c5 11. Nb3 Bf5 12. Be3 Nbd7 13. Qd2 b6 14. Be2 a5
15. a4 Qe8 16. O-O Qg6 17. Bf4 Rae8 18. Rae1 Ne5 19. Bg3 Nh5 20. Bxh5 Qxh5 21.
Bxe5 Rxe5 22. Re3 Bd7 23. Ra1 Qe8 24. Nc1 Bxa4 25. Ne2 Bd7 26. Nc3 Rf6 27. Rae1
Bf5 28. f3 Bg6 29. Nxe4 Bxe4 30. Rxe4 Rxe4 31. Rxe4 Qa4 32. Qe2 Rf8 33. h4 h6
34. Re7 Qa1+ 35. Kh2 Qf6 36. Qe6+ Kh7 37. Qe4+ Kh8 38. Re6 Qd8 39. d6 Qd7 40.
Qe5 Kh7 41. Re7 Qd8 42. Qxg7# {Normal} 1-0

[Event "Rated Blitz game"]
[Site "?"]
[Date "2021.07.29"]
[Round "?"]
[White "realborg"]
[Black "ahoramahora"]
[Result "1-0"]
[WhiteElo "2441"]
[BlackElo "2411"]
[PlyCount "135"]
[EventDate "2021.??.??"]
[EventType "blitz"]

1. e4 e5 2. Nf3 d5 3. d3 dxe4 4. dxe4 Qxd1+ 5. Kxd1 Bg4 6. Be2 Nc6 7. c3 O-O-O+
8. Kc2 f5 9. h3 Bxf3 10. gxf3 f4 11. b4 Nf6 12. Rg1 a6 13. a4 g6 14. b5 Nb8 15.
Ba3 Bxa3 16. Nxa3 Rhe8 17. bxa6 Nxa6 18. Rab1 Re6 19. Nc4 Nc5 20. a5 Ne8 21.
Rb5 Nd7 22. Rgb1 Nd6 23. Nxd6+ Rxd6 24. Rxb7 Nc5 25. Rb8+ Kd7 26. Bb5+ Ke6 27.
Rxd8 Rxd8 28. a6 Ra8 29. Bc4+ Kd6 30. Rd1+ Ke7 31. Rd5 Nxa6 32. Ra5 Kd6 33.
Bxa6 Ra7 34. Rd5+ Ke6 35. Bc4 Kf6 36. Rd7 h5 37. h4 g5 38. Rf7+ Kg6 39. hxg5
Kxg5 40. Rf5+ Kh4 41. Bf7 Kh3 42. Bxh5 Kg2 43. Rxe5 Kxf2 44. Kd3 Ra1 45. Rf5
Rd1+ 46. Kc4 Ke3 47. e5 Rd8 48. e6 c6 49. e7 Ra8 50. e8=Q+ Rxe8 51. Bxe8 Kxf3
52. Rxf4+ Kxf4 53. Kc5 Ke5 54. Bxc6 Ke6 55. c4 Ke7 56. Kb6 Kd8 57. Kb7 Ke7 58.
c5 Ke6 59. Bb5 Ke5 60. c6 Kd4 61. c7 Kc5 62. c8=Q+ Kb4 63. Qc6 Kb3 64. Be2 Kb4
65. Qc4+ Ka3 66. Bd1 Kb2 67. Qc2+ Ka3 68. Qb3# {Normal} 1-0

[Event "Rated Blitz game"]
[Site "?"]
[Date "2021.07.29"]
[Round "?"]
[White "PhantomKinder"]
[Black "ahoramahora"]
[Result "0-1"]
[WhiteElo "2406"]
[BlackElo "2395"]
[PlyCount "70"]
[EventDate "2021.??.??"]
[EventType "blitz"]

1. e4 e5 2. Nf3 d5 3. d3 dxe4 4. dxe4 Qxd1+ 5. Kxd1 Bg4 6. Be2 Nc6 7. c3 O-O-O+
8. Ke1 Nf6 9. Nfd2 Bc5 10. h3 Be6 11. b4 Bb6 12. a4 a5 13. b5 Ne7 14. Ba3 Ng6
15. g3 Rd7 16. h4 h5 17. Bc1 Rhd8 18. Na3 Rxd2 19. Bxd2 Nxe4 20. Be3 Bxe3 21.
fxe3 Nxg3 22. Rg1 Ne4 23. Bxh5 Nxh4 24. Rxg7 Nf5 25. Rg1 Nxe3 26. Rc1 Rh8 27.
Bf3 Nc5 28. Ke2 Nc4 29. Nxc4 Bxc4+ 30. Ke3 f5 31. Rh1 f4+ 32. Kd2 Rd8+ 33. Kc2
e4 34. Bg4+ Kb8 35. Rcd1 Bb3+ {Normal} 0-1

[Event "Rated Blitz game"]
[Site "?"]
[Date "2021.07.29"]
[Round "?"]
[White "alemon25"]
[Black "rofaidah"]
[Result "0-1"]
[WhiteElo "2457"]
[BlackElo "2466"]
[PlyCount "82"]
[EventDate "2021.??.??"]
[EventType "blitz"]

1. e4 e5 2. Nf3 d5 3. Nxe5 Qe7 4. d4 f6 5. Qh5+ g6 6. Nxg6 Qxe4+ 7. Be2 Qxg6 8.
Qxd5 h5 9. Nc3 Bd6 10. Be3 Ne7 11. Qb3 Nbc6 12. O-O-O Bg4 13. f3 Bf5 14. g3
O-O-O 15. Nb5 a6 16. Nxd6+ Rxd6 17. c4 Rhd8 18. d5 Ne5 19. Rhg1 Qe8 20. g4 hxg4
21. fxg4 Be4 22. h4 Bf3 23. Bxf3 Nxf3 24. Rge1 Nxh4 25. Bc5 R6d7 26. Qh3 Nhg6
27. g5 f5 28. Re6 Kb8 29. Rde1 Qf7 30. Rf6 Qg7 31. Ree6 Nf4 32. Ba7+ Ka8 33.
Rxa6 Nxh3 34. Ra3 Qxg5+ 35. Be3+ Kb8 36. Bxg5 Nxg5 37. Re6 Ne4 38. b4 Nxd5 39.
Rea6 bxa6 40. Rxa6 Nxb4 41. Ra4 Rd1+ {Normal} 0-1

[Event "Rated Blitz game"]
[Site "?"]
[Date "2021.07.29"]
[Round "?"]
[White "Arm-Fighter"]
[Black "Fantastic_power06"]
[Result "0-1"]
[WhiteElo "2692"]
[BlackElo "2724"]
[PlyCount "52"]
[EventDate "2021.??.??"]
[EventType "blitz"]

1. e4 e5 2. Nf3 d5 3. exd5 e4 4. Qe2 Nf6 5. Nc3 Be7 6. Nxe4 O-O 7. d3 Re8 8.
Bd2 Nxd5 9. O-O-O Nc6 10. Kb1 f5 11. Nc3 Bf6 12. Nxd5 Rxe2 13. Nxf6+ Qxf6 14.
Bxe2 Be6 15. Bc3 Qf7 16. a3 h6 17. Rde1 a5 18. Ne5 Nxe5 19. Bxe5 b5 20. Bf3
Ba2+ 21. Ka1 Bd5 22. Bxd5 Qxd5 23. f3 b4 24. a4 b3 25. Bc3 bxc2 26. Re2 Qb3 {
Normal} 0-1

[Event "Rated Blitz game"]
[Site "?"]
[Date "2021.07.29"]
[Round "?"]
[White "ASFDD"]
[Black "annaly1979"]
[Result "0-1"]
[WhiteElo "2431"]
[BlackElo "2427"]
[PlyCount "66"]
[EventDate "2021.??.??"]
[EventType "blitz"]

1. e4 e5 2. Nf3 d5 3. exd5 e4 4. Qe2 f5 5. d3 Nf6 6. Nfd2 Be7 7. dxe4 fxe4 8.
Nxe4 Nxe4 9. Qxe4 O-O 10. Bc4 Bb4+ 11. c3 Re8 12. Nd2 Bd6 13. O-O Rxe4 14. Nxe4
Bf5 15. Ng3 Bg6 16. Be3 Nd7 17. f4 a6 18. f5 Bxg3 19. fxg6 Bd6 20. gxh7+ Kh8
21. g3 Ne5 22. Be2 b5 23. Rae1 Nc4 24. Bc1 Bc5+ 25. Kh1 Ne3 26. Rf4 Nxd5 27.
Rh4 Nf6 28. Bf3 Bf2 29. Re2 Qd1+ 30. Kg2 Qg1+ 31. Kh3 Qf1+ 32. Bg2 Qxe2 33. Bg5
Qe6+ {Normal} 0-1

[Event "Rated Blitz game"]
[Site "?"]
[Date "2021.07.29"]
[Round "?"]
[White "Zeligman"]
[Black "ahoramahora"]
[Result "1-0"]
[WhiteElo "2469"]
[BlackElo "2428"]
[PlyCount "45"]
[EventDate "2021.??.??"]
[EventType "blitz"]

1. e4 e5 2. Nf3 d5 3. exd5 e4 4. Qe2 Nf6 5. d3 Qxd5 6. Nfd2 Be6 7. Nc3 Qa5 8.
dxe4 Bb4 9. Qb5+ Nc6 10. Qxa5 Bxa5 11. Bb5 O-O-O 12. Bxc6 bxc6 13. f3 Bxc3 14.
bxc3 g5 15. Nb3 Rhg8 16. Be3 g4 17. Kf2 Kb7 18. Nc5+ Kb8 19. Rab1+ Ka8 20. Na6
Rd7 21. Rb4 gxf3 22. gxf3 Ne8 23. Rb8# {Normal} 1-0

[Event "Rated Blitz game"]
[Site "?"]
[Date "2021.07.29"]
[Round "?"]
[White "barsik03"]
[Black "rofaidah"]
[Result "1-0"]
[WhiteElo "2426"]
[BlackElo "2465"]
[PlyCount "115"]
[EventDate "2021.??.??"]
[EventType "blitz"]

1. e4 e5 2. Nf3 d5 3. Nxe5 Qe7 4. d4 f6 5. Qh5+ g6 6. Nxg6 Qxe4+ 7. Be3 Qxg6 8.
Qxd5 Bd6 9. Bb5+ Nd7 10. O-O Ne7 11. Qb3 Qh5 12. g3 c6 13. Bd3 Nd5 14. Nd2 N7b6
15. Rae1 Bh3 16. Bf4+ Kd7 17. Bxd6 Kxd6 18. c4 Bxf1 19. Bxf1 Nc7 20. Ne4+ Ke6
21. c5+ Nbd5 22. Qxb7 Kf7 23. Qxc6 Rhe8 24. Nd6+ Kf8 25. Nxe8 Rxe8 26. Qd6+ Kf7
27. Rxe8 Kxe8 28. Bc4 Qd1+ 29. Kg2 Qxd4 30. b3 Qe5 31. Qc6+ Ke7 32. a4 h5 33.
h4 Qe4+ 34. Kg1 Qb1+ 35. Kg2 Qe4+ 36. Kg1 Qe6 37. Qb7 Qd7 38. c6 Qd6 39. Bxd5
a5 40. Bf3 f5 41. Bxh5 Kf6 42. Bf3 f4 43. g4 Ke5 44. Kg2 Kd4 45. Qb6+ Kc3 46.
Qxa5+ Kxb3 47. Qb6+ Kxa4 48. g5 Ne6 49. Qa7+ Kb4 50. Qb7+ Kc5 51. g6 Nd4 52.
Qa7+ Kc4 53. c7 Qxg6+ 54. Kf1 Qb1+ 55. Kg2 Qg6+ 56. Kh3 Nxf3 57. c8=Q+ Kd3 58.
Qe3+ {Time forfeit} 1-0

[Event "Rated Blitz game"]
[Site "?"]
[Date "2021.07.29"]
[Round "?"]
[White "Lucky_Punch"]
[Black "VioletChessAngel"]
[Result "0-1"]
[WhiteElo "2524"]
[BlackElo "2682"]
[PlyCount "70"]
[EventDate "2021.??.??"]
[EventType "blitz"]

1. e4 e5 2. Nf3 d5 3. exd5 e4 4. Qe2 Qe7 5. Nd4 Nf6 6. Nc3 Nbd7 7. d3 exd3 8.
Qxe7+ Bxe7 9. Bxd3 O-O 10. Ndb5 Bd8 11. Bf4 Nb6 12. Nxc7 Bxc7 13. Bxc7 Nbxd5
14. Nxd5 Nxd5 15. Ba5 Re8+ 16. Kd2 b6 17. Bc3 Bb7 18. f3 Nf4 19. Rhg1 Rad8 20.
Rge1 Nxg2 21. Rg1 Bxf3 22. Raf1 Rxd3+ 23. cxd3 Re2+ 24. Kc1 Bc6 25. Kd1 Re6 26.
Rf2 Rg6 27. Kd2 h5 28. Re2 f6 29. Re7 a5 30. Rc7 Bf3 31. Rd7 a4 32. Rd6 b5 33.
Rb6 Rg5 34. h4 Rf5 35. Rb7 Bxb7 {Normal} 0-1

[Event "Rated Blitz game"]
[Site "?"]
[Date "2021.07.29"]
[Round "?"]
[White "Bierpower"]
[Black "ahoramahora"]
[Result "1-0"]
[WhiteElo "2460"]
[BlackElo "2373"]
[PlyCount "59"]
[EventDate "2021.??.??"]
[EventType "blitz"]

1. e4 e5 2. Nf3 d5 3. exd5 e4 4. Qe2 Nf6 5. Nc3 Be7 6. Nxe4 O-O 7. d3 Qxd5 8.
Nc3 Bb4 9. Be3 Nc6 10. Qd2 Qa5 11. Nd4 Nxd4 12. Bxd4 Re8+ 13. Be2 Nd5 14. Kf1
c5 15. Qg5 cxd4 16. Nxd5 Re6 17. a3 Bf8 18. Nf6+ Rxf6 19. Qxa5 Bd7 20. Bf3 Bc6
21. Bxc6 Rxc6 22. Qd2 Rac8 23. Rc1 Rb6 24. b4 Ra6 25. Ra1 Rc3 26. g3 Bxb4 27.
Qe1 Rb3 28. axb4 Rba3 29. Rxa3 Rxa3 30. Qe8# {Normal} 1-0

[Event "Rated Blitz game"]
[Site "?"]
[Date "2021.07.29"]
[Round "?"]
[White "emiliooo"]
[Black "ahoramahora"]
[Result "0-1"]
[WhiteElo "2540"]
[BlackElo "2419"]
[PlyCount "140"]
[EventDate "2021.??.??"]
[EventType "blitz"]

1. e4 e5 2. Nf3 d5 3. Nxe5 Bd6 4. d4 dxe4 5. Nc4 Nf6 6. Nc3 h6 7. f3 exf3 8.
Qxf3 O-O 9. Nxd6 Qxd6 10. Be3 Re8 11. Be2 Bg4 12. Qf4 Bxe2 13. Qxd6 cxd6 14.
Kxe2 Ng4 15. Nd1 Nc6 16. c3 Re7 17. Kd3 Rae8 18. Bd2 Re2 19. h3 Nf2+ 20. Nxf2
Rxf2 21. Rhg1 Ree2 22. Rad1 Rxg2 23. Rxg2 Rxg2 24. Re1 Rg3+ 25. Kc4 Rxh3 26.
Kd5 Rh2 27. Bc1 h5 28. Kxd6 h4 29. d5 Na5 30. b4 Nc4+ 31. Kc5 Nb6 32. a4 h3 33.
a5 Nd7+ 34. Kd6 Nf6 35. Kc5 Rg2 36. Bf4 h2 37. Bxh2 Rxh2 38. Re7 Rd2 39. c4 g5
40. Rxb7 g4 41. Rxa7 g3 42. Ra8+ Kg7 43. a6 g2 44. a7 g1=Q+ 45. Kb5 Ra2 46. c5
Nxd5 47. Rd8 Nc7+ 48. Kc6 Rxa7 49. b5 Nxb5 50. Kxb5 Rc7 51. Rd5 Qb1+ 52. Kc4
Kf6 53. Kd4 Qd1+ 54. Kc4 Qxd5+ 55. Kxd5 Kf5 56. Kd6 Rxc5 57. Kxc5 Ke4 58. Kd6
f5 59. Kc5 f4 60. Kc4 Ke3 61. Kc3 f3 62. Kc2 Ke2 63. Kc3 f2 64. Kc4 f1=Q 65.
Kd4 Qf3 66. Kc5 Qd3 67. Kc6 Kd2 68. Kb6 Kc2 69. Ka5 Kc3 70. Ka4 Qc4+ {Time
forfeit} 0-1

[Event "Rated Blitz game"]
[Site "?"]
[Date "2021.07.29"]
[Round "?"]
[White "Kazik_Coach"]
[Black "annaly1979"]
[Result "0-1"]
[WhiteElo "2434"]
[BlackElo "2440"]
[PlyCount "82"]
[EventDate "2021.??.??"]
[EventType "blitz"]

1. e4 e5 2. Nf3 d5 3. exd5 e4 4. Nd4 c5 5. Nb3 f5 6. d3 Nf6 7. Nc3 Bd6 8. Bg5
O-O 9. dxe4 fxe4 10. Be2 Bf5 11. Qd2 Nbd7 12. O-O-O a6 13. g4 Bg6 14. h4 h6 15.
Be3 b5 16. g5 hxg5 17. hxg5 Nh7 18. Bg4 c4 19. Be6+ Kh8 20. Nd4 Nc5 21. Nc6 Qe8
22. Bxc5 Bxc5 23. Ne5 Rxf2 24. Qe1 e3 25. Rxh7+ Bxh7 26. g6 Rf6 27. gxh7 Rxe6
28. dxe6 Qxe6 29. Nd7 Bb4 30. a3 Ba5 31. Nc5 Qe5 32. Nb7 Bb6 33. Nd6 Rf8 34.
Qh1 e2 35. Nxe2 Qxe2 36. Qb7 Be3+ 37. Kb1 Qxd1+ 38. Ka2 Bd4 39. Nf7+ Rxf7 40.
Qxf7 Kxh7 41. Qh5+ Qxh5 {Normal} 0-1

[Event "Rated Blitz game"]
[Site "?"]
[Date "2021.07.29"]
[Round "?"]
[White "marakis"]
[Black "annaly1979"]
[Result "1-0"]
[WhiteElo "2469"]
[BlackElo "2419"]
[PlyCount "83"]
[EventDate "2021.??.??"]
[EventType "blitz"]

1. e4 e5 2. Nf3 d5 3. Nxe5 Qe7 4. d4 f6 5. Qh5+ g6 6. Nxg6 Qxe4+ 7. Be3 Qxg6 8.
Qxd5 Ne7 9. Qb3 Nbc6 10. Nc3 Bf5 11. O-O-O O-O-O 12. d5 Na5 13. Qa4 b6 14. Ba6+
Kb8 15. b4 Nb7 16. Nb5 Nc8 17. Nd4 Bd7 18. Nc6+ Bxc6 19. dxc6 Nbd6 20. Bxc8
Rxc8 21. Qa6 Qxg2 22. Rxd6 Qxh1+ 23. Kb2 Qxc6 24. Rxc6 Bd6 25. b5 Rhe8 26. Qa4
Bxh2 27. Bd4 Re4 28. c3 Be5 29. Rc4 Re2+ 30. Kb3 Bxd4 31. Rxd4 Rxf2 32. Qc4 Rf5
33. a4 Rc5 34. Qf7 f5 35. Rf4 a5 36. bxa6 Ra5 37. Qc4 Ka7 38. Rh4 Rxa6 39. Rxh7
Kb7 40. Qd5+ Ka7 41. Qxf5 Ra5 42. Qxc8 {Normal} 1-0

[Event "Rated Blitz game"]
[Site "?"]
[Date "2021.07.29"]
[Round "?"]
[White "Ecclesiastes_Gamer"]
[Black "annaly1979"]
[Result "1-0"]
[WhiteElo "2465"]
[BlackElo "2444"]
[PlyCount "125"]
[EventDate "2021.??.??"]
[EventType "blitz"]

1. e4 e5 2. Nf3 d5 3. Nxe5 Qe7 4. d4 f6 5. Nd3 Nc6 6. Be2 Nxd4 7. O-O dxe4 8.
Nf4 Nxe2+ 9. Qxe2 Bf5 10. Qb5+ c6 11. Qxf5 g6 12. Qg4 f5 13. Qe2 O-O-O 14. Nc3
Bg7 15. Be3 Nf6 16. Bxa7 Qc7 17. Be3 Ng4 18. h3 Nxe3 19. Qxe3 Bh6 20. g3 Bxf4
21. Qxf4 Qxf4 22. gxf4 Rd2 23. Rac1 Re8 24. Rfd1 Red8 25. Kf1 e3 26. fxe3 Rh2
27. Rxd8+ Kxd8 28. Rd1+ Kc7 29. Ne2 Rxh3 30. Kf2 h6 31. Rg1 g5 32. fxg5 hxg5
33. Rxg5 Rh2+ 34. Kf3 Rh3+ 35. Rg3 Rh2 36. Nd4 c5 37. Rg7+ Kb6 38. Nxf5 Rxc2
39. Rg6+ Ka7 40. e4 Rxb2 41. a4 Ra2 42. e5 Ra1 43. e6 Re1 44. Ne3 c4 45. e7 c3
46. e8=Q c2 47. Qb5 Rxe3+ 48. Kxe3 c1=Q+ 49. Kd3 Qd1+ 50. Kc3 Qc1+ 51. Kd4 Qf4+
52. Kc3 Qc1+ 53. Kd3 Qf1+ 54. Ke3 Qe1+ 55. Kf4 Qf2+ 56. Kg5 Qe3+ 57. Kf6 Qd4+
58. Qe5 Qg4 59. Rxg4 Kb6 60. Rb4+ Ka7 61. Qb5 b6 62. Qxb6+ Ka8 63. Qa5# {Normal
} 1-0

[Event "Rated Blitz game"]
[Site "?"]
[Date "2021.07.29"]
[Round "?"]
[White "Elitebarbarianstar"]
[Black "Fantastic_power06"]
[Result "0-1"]
[WhiteElo "2640"]
[BlackElo "2738"]
[PlyCount "104"]
[EventDate "2021.??.??"]
[EventType "blitz"]

1. e4 e5 2. Nf3 d5 3. exd5 e4 4. Qe2 Nf6 5. d3 Qxd5 6. Nc3 Bb4 7. Ng5 O-O 8.
Ngxe4 Nxe4 9. dxe4 Qa5 10. Bd2 Nc6 11. a3 Nd4 12. Qd3 Rd8 13. Rd1 Bg4 14. axb4
Qh5 15. Rc1 Nf3+ 16. gxf3 Bxf3 17. Nd5 Bxh1 18. Qg3 Kh8 19. Bc3 Qg6 20. Qxg6
hxg6 21. Bd3 c6 22. Nf4 Re8 23. Ke2 Bxe4 24. Bxe4 Rxe4+ 25. Kf3 Rae8 26. Nd3 f6
27. Ra1 a6 28. Rg1 g5 29. Nc5 R4e7 30. Nd3 b6 31. h4 gxh4 32. Nf4 Rd7 33. Rh1
Kg8 34. Rxh4 Kf7 35. Rh7 Rg8 36. Rh1 g6 37. Rh7+ Rg7 38. Rh8 g5 39. Nh5 Rg6 40.
Rh7+ Ke6 41. Rxd7 Kxd7 42. Nxf6+ Ke6 43. Ne4 Rg8 44. Ke3 g4 45. Nf6 Rh8 46.
Nxg4 Rh1 47. f3 a5 48. Kd3 a4 49. Ne3 Rh3 50. Kc4 b5+ 51. Kd4 a3 52. Ke4 Rh4+ {
Time forfeit} 0-1

[Event "Rated Blitz game"]
[Site "?"]
[Date "2021.07.29"]
[Round "?"]
[White "Greengo"]
[Black "pasha1984"]
[Result "0-1"]
[WhiteElo "2355"]
[BlackElo "2405"]
[PlyCount "72"]
[EventDate "2021.??.??"]
[EventType "blitz"]

1. e4 e5 2. Nf3 d5 3. Nxe5 dxe4 4. d4 Bd6 5. Nc4 Nc6 6. Be2 Nf6 7. Bg5 h6 8.
Bh4 g5 9. Bg3 Bxg3 10. hxg3 Qxd4 11. Qxd4 Nxd4 12. Nba3 Be6 13. c3 Nxe2 14.
Kxe2 O-O-O 15. Rhd1 Bg4+ 16. f3 Be6 17. Ne5 Rxd1 18. Rxd1 exf3+ 19. gxf3 Bxa2
20. Kf2 Be6 21. Nb5 a6 22. Nd4 Bd5 23. Nf5 Re8 24. f4 gxf4 25. gxf4 h5 26. c4
Be6 27. Ng7 Rd8 28. Rxd8+ Kxd8 29. b3 Ng4+ 30. Kg3 Nxe5 31. fxe5 Bg4 32. Kf4
Kd7 33. b4 b6 34. Kg5 a5 35. bxa5 bxa5 36. c5 a4 {Normal} 0-1